000 00687cam a22002533a 4500
001 26001
003 PGUSA
005 20140828083547.0
008 080712s2008||||xxu|||||s|||||000 1 eng d
040 _aPGUSA
_beng
042 _adc
050 4 _aPR
100 1 _aTrollope, Anthony,
_d1815-1882
245 1 4 _aThe Bertrams
_h[electronic resource] /
_cAnthony Trollope
260 _bProject Gutenberg,
_c2008
506 _aPublic domain in the USA.
516 _aElectronic text
653 _aLove stories
653 _aScholars -- Fiction
653 _aEngland -- Fiction
830 0 _aProject Gutenberg
_v26001
856 4 0 _uhttp://www.gutenberg.org/ebooks/26001
942 _cEB
999 _c255256
_d255256